WWE Champions by Year - 2025 - Statistics

General Stats
  • This quiz has been taken 319 times
  • The average score is 45 of 54
Answer Stats
Title Date Event Wrestler % Correct
WWE Championship Apr 20 WrestleMania 41 John Cena
99%
Intercontinental Nov 10 Raw John Cena
99%
WWE Championship Aug 3 SummerSlam Cody Rhodes
98%
World Heavyweight Aug 2 SummerSlam CM Punk
96%
World Heavyweight Nov 1 Saturday Night's Main Event CM Punk
96%
World Heavyweight Apr 19 WrestleMania 41 Jey Uso
95%
World Tag Team Dec 29 Raw Jey Uso
95%
World Heavyweight Jun 9 Raw Gunther
94%
World Heavyweight Aug 2 SummerSlam Seth Rollins
94%
Women's Tag Team Apr 20 WrestleMania 41 Becky Lynch
93%
Women's Intercontinental Jun 7 Money in the Bank Becky Lynch
93%
Intercontinental Apr 20 WrestleMania 41 Dominik Mysterio
93%
Intercontinental Nov 29 Survivor Series Dominik Mysterio
93%
World Tag Team Dec 29 Raw Jimmy Uso
92%
Women's World Jan 6 Raw Rhea Ripley
92%
Women's World Mar 3 Raw Iyo Sky
89%
WWE Women's Jan 3 Smackdown Tiffany Stratton
89%
Women's Tag Team Feb 24 Raw Liv Morgan
88%
Women's Tag Team Apr 21 Raw Liv Morgan
88%
United States Aug 29 Smackdown Sami Zayn
88%
Women's World Sep 20 Wrestlepalooza Stephanie Vaquer
87%
WWE Women's Nov 1 Saturday Night's Main Event Jade Cargill
86%
Women's World Jul 13 Evolution Naomi
86%
United States Dec 26 Smackdown Carmelo Hayes
85%
Women's United States Nov 7 Smackdown Chelsea Green
84%
Women's Tag Team Aug 2 SummerSlam Charlotte Flair
81%
United States Mar 7 Smackdown LA Knight
81%
World Tag Team Oct 20 Raw AJ Styles
80%
World Tag Team Oct 20 Raw Dragon Lee
80%
United States Jun 28 Night of Champions Solo Sikoa
80%
World Tag Team Jun 30 Raw Finn Balor
79%
United States Apr 19 WrestleMania 41 Jacob Fatu
79%
Women's Tag Team Feb 24 Raw Raquel Rodriguez
79%
Women's Tag Team Apr 21 Raw Raquel Rodriguez
79%
Women's Tag Team Jun 30 Raw Raquel Rodriguez
79%
United States Oct 17 Smackdown Ilja Dragunov
78%
World Tag Team Apr 19 WrestleMania 41 Kofi Kingston
78%
World Tag Team Apr 19 WrestleMania 41 Xavier Woods
78%
Women's Tag Team Aug 2 SummerSlam Alexa Bliss
77%
Women's Tag Team Apr 20 WrestleMania 41 Lyra Valkyria
77%
Women's Intercontinental Jan 13 Raw Lyra Valkyria
77%
Women's Tag Team Jun 30 Raw Roxanne Perez
77%
Women's Tag Team Nov 10 Raw Asuka
76%
Women's Intercontinental Nov 17 Raw Maxxine Dupri
75%
WWE Tag Team Jul 11 Smackdown Dexter Lumis
73%
Women's United States Jun 27 Smackdown Giulia
73%
World Tag Team Jun 30 Raw JD McDonagh
73%
WWE Tag Team Jul 11 Smackdown Joe Gacy
73%
WWE Tag Team Mar 14 Smackdown Montez Ford
73%
WWE Tag Team Mar 14 Smackdown Angelo Dawkins
72%
Women's Tag Team Nov 10 Raw Kairi Sane
71%
Women's United States Apr 25 Smackdown Zelina Vega
70%
Women's Speed Apr 16 Speed Sol Ruca
52%
Speed May 7 Speed El Grande Americano
50%
No matching quizzes found
Score Distribution
Percent of People with Each Score
Percentile by Number Answered
Your Score History
You have not taken this quiz